La lucha por el derecho
Gardado en:
| Autor Principal: | |
|---|---|
| Formato: | Libro |
| Idioma: | Lingua castelá |
| Publicado: |
Bogotá
Leyer
2006
|
| Edición: | 1a. ed |
| Series: | Colección Clásicos de Derecho
|
| Subjects: | |
| Tags: |
Engadir etiqueta
Sen Etiquetas, Sexa o primeiro en etiquetar este rexistro!
|
MARC
| LEADER | 00000cam a2200000 a 4500 | ||
|---|---|---|---|
| 001 | UCD4659 | ||
| 003 | CL-VaPUC | ||
| 008 | 160713e20060600ck |||||||||||||||||spa|d | ||
| 020 | |a 9587110552 | ||
| 082 | 0 | 4 | |a 340.1 |b IHE |2 21 |
| 100 | |a Ihering, Rudolf von |e author |9 588392 | ||
| 245 | 1 | 3 | |a La lucha por el derecho |
| 250 | |a 1a. ed | ||
| 300 | |a 97 p | ||
| 942 | |c BK | ||
| 945 | |d 20160713 20:53:00 |a arojas | ||
| 260 | |a Bogotá |b Leyer |c 2006 | ||
| 650 | 0 | |a Filosofía del derecho |9 255050 | |
| 650 | 0 | |a Teoría del derecho |9 255982 | |
| 583 | |a last modification |c 20160713 20:53:00 |k Rodrigo Vera | ||
| 490 | 0 | |a Colección Clásicos de Derecho | |
| 999 | |c 365529 |d 365527 | ||
| 952 | |0 0 |1 0 |3 erb |4 0 |6 340_100000000000000_IHE_2006 |7 0 |8 A |9 479411 |a FDOHBE |b FDOHBE |e Huesbe Llanos, Marco Antonio, 1934- |i 5307244 |o 340.1 IHE 2006 |p 5307244 |r 2024-01-30 |w 2019-11-24 |y BK |z Catalogado en:20160713 |k HBE | ||